000
00303nam a22001337a 4500
008
180126b xxu||||| |||| 00| 0 eng d
020
_a
08695877068
041
_a
eng
080
_2
9 ED
_a
574
100
_a
9
101
_a
MJE
245
_a
ENVIRONMENTAL LAW HANDBOOK
_c
THOMAS.F.P
942
_2
udc
_c
BK
999
_c
41030
_d
41030